Elektrické stroje a prístroje 2

Salvato in:
Dettagli Bibliografici
Autore principale: Mravec, Rudolf (Autore)
Natura: Libro
Lingua:slovacco
Pubblicazione: Bratislava : Alfa, 1979
Soggetti:
Tags: Aggiungi Tag
Nessun Tag, puoi essere il primo ad aggiungerne!!

MARC

LEADER 00000nam a22000003a 4500
001 stu183723
005 20150617225607.9
008 090504s1978----cs------------------slo-d
040 |a STU  |b slo 
041 0 |a slo 
044 |a cs 
080 |a 621.313(075.3)  |7 stu_us_auth*stu7187 
100 1 |a Mravec, Rudolf  |4 aut 
245 1 |a Elektrické stroje a prístroje 2 
260 |a Bratislava :  |b Alfa,  |c 1979 
300 |a 341 s 
650 7 |a Stroje elektrické  |2 stusub 
650 7 |a učeb.SŠ  |2 stusub 
650 7 |a Prístroje elektrické  |2 stusub 
996 |b E43200  |c E*43200  |l EE04  |s P  |a 0  |w stu183723_0001 
996 |b E41325  |c E*41325  |l EE05  |s P  |a 0  |w stu183723_0002